MyGZULibrary

Choices in relationships : (Record no. 2504)

MARC details
000 -LEADER
fixed length control field 01403cam a2200337 a 4500
001 - CONTROL NUMBER
control field 14673828
003 - CONTROL NUMBER IDENTIFIER
control field GZU
005 - DATE AND TIME OF LATEST TRANSACTION
control field 20201102161107.0
008 - FIXED-LENGTH DATA ELEMENTS--GENERAL INFORMATION
fixed length control field 061216s2007 caua b 001 0 eng
010 ## - LIBRARY OF CONGRESS CONTROL NUMBER
LC control number 2006940530
020 ## - INTERNATIONAL STANDARD BOOK NUMBER
International Standard Book Number 9780495603580
040 ## - CATALOGING SOURCE
Original cataloging agency DLC
Transcribing agency DLC
Modifying agency DLC
043 ## - GEOGRAPHIC AREA CODE
Geographic area code n-us---
050 00 - LIBRARY OF CONGRESS CALL NUMBER
Classification number HQ10
Item number KNO 2008
100 1# - MAIN ENTRY--PERSONAL NAME
Personal name Knox, David,
Dates associated with a name 1943-
245 10 - TITLE STATEMENT
Title Choices in relationships :
Remainder of title an introduction to marriage and the family /
Statement of responsibility, etc. David Knox and Caroline Schacht.
250 ## - EDITION STATEMENT
Edition statement 9th ed.
260 ## - PUBLICATION, DISTRIBUTION, ETC.
Place of publication, distribution, etc. Belmont, CA :
Name of publisher, distributor, etc. Thomson Wadsworth,
Date of publication, distribution, etc. c2008
300 ## - PHYSICAL DESCRIPTION
Extent xxvi, 606 p. :
Other physical details col. ill. ;
Dimensions 29 cm.
500 ## - GENERAL NOTE
General note Includes passcode for Infotrac college edition.
504 ## - BIBLIOGRAPHY, ETC. NOTE
Bibliography, etc. note Includes bibliographical references (552-557) and index.
650 #0 - SUBJECT ADDED ENTRY--TOPICAL TERM
Topical term or geographic name entry element Family life education.
650 #0 - SUBJECT ADDED ENTRY--TOPICAL TERM
Topical term or geographic name entry element Marriage
Geographic subdivision United States.
700 1# - ADDED ENTRY--PERSONAL NAME
Personal name Schacht, Caroline.
856 42 - ELECTRONIC LOCATION AND ACCESS
Materials specified Publisher description
Uniform Resource Identifier <a href="http://www.loc.gov/catdir/enhancements/fy1215/2006940530-d.html">http://www.loc.gov/catdir/enhancements/fy1215/2006940530-d.html</a>
856 41 - ELECTRONIC LOCATION AND ACCESS
Materials specified Table of contents only
Uniform Resource Identifier <a href="http://www.loc.gov/catdir/enhancements/fy1215/2006940530-t.html">http://www.loc.gov/catdir/enhancements/fy1215/2006940530-t.html</a>
856 42 - ELECTRONIC LOCATION AND ACCESS
Materials specified Contributor biographical information
Uniform Resource Identifier <a href="http://www.loc.gov/catdir/enhancements/fy1302/2006940530-b.html">http://www.loc.gov/catdir/enhancements/fy1302/2006940530-b.html</a>
906 ## - LOCAL DATA ELEMENT F, LDF (RLIN)
a 7
b cbc
c origcop
d 3
e epcn
f 20
g y-gencatlg
942 ## - ADDED ENTRY ELEMENTS (KOHA)
Source of classification or shelving scheme Library of Congress Classification
Koha item type Books
Edition 9th
Classification part 10
Item part KNO
Call number prefix HQ
Holdings
Withdrawn status Lost status Damaged status Not for loan Collection code Home library Current library Shelving location Date acquired Total Checkouts Full call number Barcode Date last seen Copy number Price effective from Koha item type Source of acquisition Inventory number
        Non-fiction City Campus Library City Campus Library General Stacks 11/02/2020   HQ 10 KNO 2008 027355 11/02/2020 c.1 11/02/2020 Books    
        Non-fiction Mashava Campus Library Mashava Campus Library General Stacks 05/11/2021   HQ10. KNO 2008 027356 05/11/2021 C.2 05/11/2021 Books Purchase 027356
        Non-fiction Mashava Campus Library Mashava Campus Library General Stacks 05/11/2021   HQ10. KNO 2008 027352 05/11/2021 C.3 05/11/2021 Books Purchase 027352
        Non-fiction Mashava Campus Library Mashava Campus Library General Stacks 05/11/2021   HQ10. KNO 2008 027357 05/11/2021 C.4 05/11/2021 Books Purchase 027357